Statistics for Controllers of Afghanistan Throughout History

Click here to take the quiz!

General Stats

  • This quiz has been taken 72 times
  • The average score is 10 of 36

Answer Stats

Time PeriodAnswer% Correct
1747-Afghanistan
90%
1510-1747Safavid Persia
87%
-551--330Persia
85%
1221-1256Mongol Empire
78%
-330--323Macedonian Empire
67%
1526-1739Mughal Empire
57%
661-750Umayyad Caliphate
42%
1381-1507Timurid Empire
40%
750-875Abbasid Caliphate
38%
-312--249Seleucid Empire
35%
1256-1335Il-Khanate
33%
-130-80Parthian Empire
33%
-304--226Maurya Empire
28%
650-661Rashidun Caliphate
25%
1206-1241Delhi Sultanate
23%
1040-1205Seljuk Empire
23%
1266-1487Chagatai Khanate
22%
56-250Kushan Empire
20%
-144--70Indo-Greek Kingdom
18%
1148-1215Ghurid dynasty
17%
230-651Sasanian Empire
17%
997-1163Ghaznavid Empire
15%
1205-1221Khwarazmian Empire
15%
1709-1738Hotak dynasty
13%
-256--120Greco-Bactrian Kingdom
12%
901-997Samanid Empire
10%
19-80Indo-Parthian Kingdom
8%
861-901Saffarid dynasty
8%
-323--312Diadochi
7%
425-560Hephthalites
5%
1585-1597Khanate of Bukhara
3%
1680-1709Khanate of Bukhara
3%
1709-1876Khanate of Kokand
3%
1335-1381Kart Dynasty
2%
1487-1514Moghulistan
2%
1514-1680Yarkent Khanate / Kashgar Khanate
2%

Score Distribution

Percentile by Number Answered

Percent of People with Each Score

Your Score History

You have not taken this quiz